| 000 | 00000nas##2200000za#4500 |
| 001 | 9.507177 |
| 003 | CaOODSP |
| 005 | 20200325093516 |
| 007 | cr ||||||||||| |
| 008 | 150406c2012||||xxc|| p o||||f| |0eng|d |
| 040 | |aCaOODSP|beng |
| 043 | |an-cn--- |
| 086 | 1 |aCH36-1/4E-PDF |
| 110 | 1 |aCanada.|bCanadian Heritage. |bCitizens' Participation Directorate. |
| 245 | 10|aExchanges Canada Program - Youth Forums Canada, guidelines and application forms |h[electronic resource] |
| 260 | |aOttawa - Ontario : |bCanadian Heritage. |
| 310 | |aAnnual |
| 362 | 1 |a2012-- |
| 775 | 08|tProgramme Échanges Canada - Forums jeunesse Canada, lignes directrices et formulaires de demande |w(CaOODSP)9.503567 |